LEADER 01057nas 2200385 c 450 001 9910892631003321 005 20260218110803.0 035 $a(CKB)954925571867 035 $a(DE-101)1176651544 035 $a(DE-599)ZDB2960024-8 035 $a(DE-599)2960024-8 035 $a(EXLCZ)99954925571867 100 $a20190130a20159999 |y | 101 0 $ager 135 $aur||||||||||| 181 $ctxt$2rdacontent 182 $cc$2rdamedia 183 $acr$2rdacarrier 200 00$aMusik in Bayern$eJahrbuch der Gesellschaft für Bayerische Musikgeschichte e.V 210 31$aMu?nchen$cAllitera Verlag$d[Oktober 2015?]- 215 $aOnline-Ressource 300 $aGesehen am 14.08.20 311 08$a0937-583X 608 $aZeitschrift$2gnd-content 676 $a770 676 $a780 676 $a790 712 02$aGesellschaft fu?r Bayerische Musikgeschichte,$4isb 801 0$b0019 801 1$bDE-101 801 2$b9001 906 $aJOURNAL 912 $a9910892631003321 996 $aMusik in Bayern$94237054 997 $aUNINA